000 01620nam a2200325 a 4500
999 _c400324
_d400324
003 BLK
005 20250513180237.0
008 210309b bu |||||r|||| 00| 0 bu d
020 _a978-619-151-574-5
040 _aBLK
041 _aBUL
_cBUL
080 _aИздания за деца и юноши. Книжки-картинки. Читанки. Вж и 372.4
_b087.5
_x:395
_z087.5:395
080 _aЦеремониал. Етикет. Общ. норми на поведение. Йерархия. Дарове. Подаръци
_b395
_x:087.5
_z395:087.5
100 _91299
_aБасарова-Дичева, Невена Валентинова
_eпърви автор
139 _aБасарова-Дичева, Невена Валентинова
_bБ 27
245 _aУпражнения по етикет
_b детска академия за добри обноски
_cНевена Басарова ; ил. Стелияна Донева
260 _9209582
_aСофия
_bСофтПрес
_c2020
_f([Добрич] : Фолиарт)
300 _a48 с.
_b с цв. ил., [2] л. : цв. стикери
_c28 см
380 _aDN
500 _aБиогр. данни за авт. отбелязани на гърба на кор.
650 7 _9155159
_aЕтикет
653 7 _9186473
_aетикет
653 7 _9184826
_aдетска литература
700 _9599
_aДонева, Стелияна Христова
_eил.
852 _aЦб ІІ 29810
_bЦб
942 _cKNG
_n0
_s1
_015
944 _aCR
_c2021-03-09
_k30551
_lБояна Костадинова
999 _d400324
999 _d400324